| 000 | 00398nam a2200157 i 4500 | ||
|---|---|---|---|
| 001 | 59334 | ||
| 003 | ES-MaACL | ||
| 005 | 20230906164020.0 | ||
| 007 | t| | ||
| 008 | 031028s1934 xxk ||||1| eng d | ||
| 100 | 1 |
_aEinzig, Paul. _946840 |
|
| 245 | 1 | 0 |
_aExchange control / _cby Paul Einzig. |
| 260 |
_aLondon : _bMacMillan, _c1934. |
||
| 300 |
_aIX, 195 p. ; _c22 cm. |
||
| 852 |
_aES-MaACL _jA-3323 |
||
| 999 |
_c59334 _d59334 |
||